000 00487cam a22001931 4500
001 af 47005063
003 DLC
005 20260227110829.0
008 890321s1944 gw 000 1 ger c
010 _aaf 47005063
035 _a(OCoLC)19410793
040 _aYale Univ. Library
_cCU
_dDLC
042 _apremarc
050 0 0 _aPT2603.R58
_bS4
100 1 _aBrieger, Alfred,
_d1869-
245 1 0 _aSehnsucht;
_broman.
260 _aBerlin,
_bA. Weichert
_c[1944]
300 _a334 p.
_c20 cm.
999 _c2924
_d2924